000 00818nam a2200217 i 4500
001 181605
003 ES-MaACL
005 20251120063151.0
008 130222s1901 sp | |||| ||spa d
080 _a821.134.2-7"14"
100 0 _aMartínez de Toledo, Alfonso,
_cArcipreste de Talavera
_978034
245 1 0 _aArcipreste de Talavera :
_b(Corvacho o reprobación del amor mundano) /
_cpor el bachiller Alfonso Martínez de Toledo.
246 3 _aCorvacho
260 _aMadrid :
_bSociedad de Bibliófilos Españoles,
_c1901.
300 _aXXXI, 342 p. ;
_c23 cm.
490 1 _aSociedad de Bibliófilos Españoles ;
_v35
710 2 _aSociedad de Bibliófilos Españoles.
_96661
830 1 0 _aSociedad de Bibliófilos Españoles
_v35
_9187662
852 4 _aES-MaACL
_jJ-7(35)
999 _c181605
_d181605